Регионална библиотека "Любен Каравелов" - Русе

Роб Рой (Запис номер 173349)

MARC детайли
000 -Лидер
Контролно поле с фиксирана дължина 01490nam a2200373 c 4500
003 - Код на организацията, давaща контролен номер
Контролно поле BLK
005 - Дата и час на последна редакция
Контролно поле 20230913005137.0
008 - Елементи от данни с фиксирана дължина
fixed length control field 180411b bul|||||r ||||||| ||bul||
010 ## - Наследен системен номер
LC control number KNG00181741000
040 ## - Източник на каталожния запис
Идентификатор на билиотеката - собственик на записа BLK
041 ## - Код за език
Код за езика на текст/звукозапис или на отделно заглавие Български
Код за езика КДБФ Български
080 ## - УДК
Текстов определител УДК Английска литература
УДК код - определител по УДК 821.111
УДК определител -31
УДК - код + определител 821.111-31
100 1# - Редна дума - Автор
Автор Скот, Уолтър
Авторска отговорност първи автор
R(LIN) 365235
139 ## - Редно поле
Редна дума Скот, Уолтър
Авторски знак Ско - С 40
245 10 - Сведения за заглавието
Заглавие Роб Рой
Подзаглавни данни Роман
Редно поле (дума) Уолтър Скот; прев. от англ. Теодора Атанасова; худож. Никифор Русков; с послесл. от Огняна Начева Иванова.
250 ## - Област на изданието
Сведения за изданието 3. изд.
257 ## - Страна на издаване
Страна на създаване/издаване Великобритания
260 ## - Област на издателските данни
Име на издателя, разпространителя и проч. Отечество
Година на издаване 1983
Място на издаване, разпространение и проч. София
300 ## - Физическа характеристика
Страници 384 с.
Илюстрации и др. с ил., портр.
Размери/Мащаб 21 см
380 ## - Жанр
Жанр Худож. лит.
490 1# - СЕРИИ (Колекции)
Име на серия Избрани книги за деца и юноши
500 ## - Общи забележки
Забележка Ориг. загл. Rob Roy / Walter Scott. - 1. изд. 1962. - 100 115 тир.
653 ## - Ключова дума – ненормативна
Ключова дума романи
700 1# - Други автори (авторска отговорност)
Лично име Атанасова, Теодора
Автороска отговорност (Описва отношението между автора и произведението) прев. от англ.
9 (RLIN) 366376
700 1# - Други автори (авторска отговорност)
Лично име Русков, Никифор
Автороска отговорност (Описва отношението между автора и произведението) худож.
9 (RLIN) 364263
700 ## - Други автори (авторска отговорност)
Лично име Иванова, Огняна Начева
Дати, свързани с автора 1947-
9 (RLIN) 369792
852 ## - Местоположение
Форматна сигнатура Цб 121369
856 4# - Електронен адрес и достъп
Електронен формат pdf - файл
856 4# - Електронен адрес и достъп
Електронен формат pdf - файл
999 ## - СИСТЕМНИ КОНТРОЛНИ НОМЕРА
Koha biblionumber 173349
Koha biblioitemnumber 173349
942 ## - АРТИКУЛИ
Вид на библиотечния материал Книги
Скрит в OPAC Не
Периодичен библиозапис Да
944 ## - СЪЗДАВАНЕ И РЕДАКЦИЯ на ЗАПИСА
Създаване/Редакция Създаване
Дата на регистрацията/редакция 14.09.2015
Статус, дата на статуса CRON CRON
Служител, извършил регистрацията/редакцията
944 ## - СЪЗДАВАНЕ И РЕДАКЦИЯ на ЗАПИСА
Създаване/Редакция Редакция
Дата на регистрацията/редакция 12.10.2017
Статус, дата на статуса ф /
Служител, извършил регистрацията/редакцията Людмила_Стоянова
999 ## - СИСТЕМНИ КОНТРОЛНИ НОМЕРА
Koha biblioitemnumber 173349
Наличности
Код за отписване Код за изгубен артикул Източник на класификационната схема Код за повреда Коз за рестрикции Код за отдаване Артикулен № Име на библиотеката - собственик Име на библиотеката, в която се намира в момента Статус (Текущо местоположение) Дата на вписване в системата Местоположение - отдел Цена в лева Инвентарен номер Систематично азбучна сигнатура Баркод Номер на екземпляра Цена в евро Служебна бележка Служебен тип на артикула Бележка за публиката
  Не е изгубен Universal Decimal Classification Не е повреден без рестрикции ползва се в читалня 296289 Регионална библиотека "Любен Каравелов" Русе Регионална библиотека "Любен Каравелов" Русе Хранилище 1983-01-01 Хранилище 2.16 378108 Цб 121369 120000378108 1 1.10 Дост: Dp Вид: Д N: стар фонд Дата: 01.01.1983 Книги  
Изтеглен Не е изгубен   Не е повреден без рестрикции заемане за дома 296290 Регионална библиотека "Любен Каравелов" Русе Регионална библиотека "Любен Каравелов" Русе   1983-01-01 Заемна - подръчен фонд 2.16 377373 П 820-31/С 40 377373 2 1.10 Дост: Pk Вид: Ф N: стар фонд Дата: 01.01.1983 Книги Отч.N: 6/2018 , Дата: 22.01.2018
Изтеглен Не е изгубен Universal Decimal Classification Не е повреден без рестрикции заемане за дома 296291 Регионална библиотека "Любен Каравелов" Русе Регионална библиотека "Любен Каравелов" Русе Заемна - подръчен фонд 1983-01-01 Заемна - подръчен фонд 2.16 377374 П 820-31/С 40 377374 3 1.10 Дост: Pk Вид: Ф N: стар фонд Дата: 01.01.1983 Книги  
Изтеглен Не е изгубен   Не е повреден без рестрикции заемане за дома 296292 Регионална библиотека "Любен Каравелов" Русе Регионална библиотека "Любен Каравелов" Русе Заемна - подръчен фонд 1983-01-01 Заемна - подръчен фонд 2.16 377376 П 820-31/С 40 377376 4 1.10 Дост: Pk Вид: Ф N: стар фонд Дата: 01.01.1983 Дата инв: 15.02.2018 Бележки инв: П2018 Книги  
Изтеглен Не е изгубен Universal Decimal Classification Не е повреден без рестрикции заемане за дома 296293 Регионална библиотека "Любен Каравелов" Русе Регионална библиотека "Любен Каравелов" Русе Заемна - подръчен фонд 1983-01-01 Заемна - подръчен фонд 2.16 377378 П 820-31/С 40 377378 5 1.10 Дост: Pk Вид: Ф N: стар фонд Дата: 01.01.1983 Книги  
Изтеглен Не е изгубен   Не е повреден без рестрикции заемане за дома 296294 Регионална библиотека "Любен Каравелов" Русе Регионална библиотека "Любен Каравелов" Русе   1983-01-01 Детски отдел 2.16 377382 ДХ 820/899/С 40 377382 6 1.10 Дост: Pk Вид: Ф N: стар фонд Дата: 01.01.1983 Дата инв: 29.09.2015 Бележки инв: Д2015 Книги Отч.N: 42/17 , Дата: 08.09.2017
Изтеглен Не е изгубен   Не е повреден без рестрикции заемане за дома 296295 Регионална библиотека "Любен Каравелов" Русе Регионална библиотека "Любен Каравелов" Русе   1983-01-01 Детски отдел 2.16 377553 ДХ 820/899/С 40 377553 7 1.10 Дост: Pk Вид: Ф N: стар фонд Дата: 01.01.1983 Дата инв: 29.09.2015 Бележки инв: Д2015 Книги Отч.N: 42/17 , Дата: 08.09.2017
Изтеглен Не е изгубен   Не е повреден без рестрикции заемане за дома 296296 Регионална библиотека "Любен Каравелов" Русе Регионална библиотека "Любен Каравелов" Русе   1983-01-01 Детски отдел 2.16 377556 ДХ 820/899/С 40 377556 8 1.10 Дост: Pk Вид: Ф N: стар фонд Дата: 01.01.1983 Дата инв: 29.09.2015 Бележки инв: Д2015 Книги Отч.N: 37/17 , Дата: 06.09.2017
Изтеглен Не е изгубен Universal Decimal Classification Не е повреден без рестрикции заемане за дома 296297 Регионална библиотека "Любен Каравелов" Русе Регионална библиотека "Любен Каравелов" Русе Детски отдел 1983-01-01 Детски отдел 2.16 377560 ДХ 820/899/С 40 377560 9 1.10 Дост: Pk Вид: Ф N: стар фонд Дата: 01.01.1983 Дата инв: 29.09.2015 Бележки инв: Д2015 Книги  
Изтеглен Не е изгубен   Не е повреден без рестрикции заемане за дома 296298 Регионална библиотека "Любен Каравелов" Русе Регионална библиотека "Любен Каравелов" Русе   1983-01-01 Детски отдел 0.60 630935 ДХ 820/899/С 40 630935 10 0.31 Дост: DA Вид: А N: стар фонд Дата: 01.01.1983 Дата инв: 29.09.2015 Бележки инв: Д2015 Книги Отч.N: 48/17 , Дата: 06.10.2017
Изтеглен Не е изгубен Universal Decimal Classification Не е повреден без рестрикции заемане за дома 296299 Регионална библиотека "Любен Каравелов" Русе Регионална библиотека "Любен Каравелов" Русе Детски отдел 2017-10-06 Детски отдел 2.16 120000815633 ДХ 820/899/С 40 120000815633 11 1.10 Дост: DA Вид: А N: 38 Дата: 06.10.2017 Книги  
Vip Innovations Ltd, Rousse, Bulgaria 2025